01145nam a22003137a 4500003000500000005001700005008004100022010001000063011001000073035001000083040000900093082001700102100002700119245004900146260003900195300001900234490005600253590004100309590004100350590004200391650002100433650003500454830006300489901000700552942001000559949008300569999001700652952016200669CHAP20220329135051.0971013s1983 r 00010 d a30384 a31356 a35468 cCHAP a664.752bM3500aMaley, D. J. R.970150 aTechnology of biscuits, crackers and cookies aChichester :bEllis Horwood,c1983 a446 p.b: ilus aEllis Horwood series in food science and technology aBATCH-UPDb10c20130110lUCH01h0229 aBATCH-UPDb10c20130110lUCH01h1736 aCONVERSIONb10c20130109lUCH01h131714aGalletas.94443114aIndustria panificadora.9579060 aEllis Horwood series in food science and technology936377 aBK cLIBRO a664.752 M35bBCcLIBROd33724000115184eLIBROgI.123510h63378i35468sit9.22 c30384d30384 00102ddc4052708GRALaBCbBCcPP_GRALd2019-12-31eI.123510fLIBROl1m1o664.752 M35p33724000115184r2024-10-09 19:34:12s2024-09-24w2019-12-31yLIBRO